| 000 | 01410cam a2200385 i 4500 | ||
|---|---|---|---|
| 001 | 513 | ||
| 005 | 20230516083100.0 | ||
| 008 | 210831t20172005nyu c 000 1 eng d | ||
| 020 |
_a9780440418337 _q(pbk.) |
||
| 020 |
_a9781407154183 _q(pbk.) |
||
| 020 |
_a044041833X _q(pbk.) |
||
| 040 |
_aEAU _beng _cEAU _erda _dOCLCO _dDLC _dFISKH |
||
| 050 | 0 | 0 |
_aPZ7.P968 _bSu 2017 |
| 082 | 0 | 0 |
_a823.914 _221 |
| 100 | 1 |
_aPullman, Philip, _d1946- _eauthor. |
|
| 245 | 1 | 4 |
_aThe subtle knife / _cPhilip Pullman. |
| 300 |
_a326 pages, 26 unnumbered pages ; _c20 cm |
||
| 490 | 1 |
_aHis dark materials ; _vbook 2 |
|
| 500 | _a"A Yearling Book." | ||
| 520 | _aAs the boundaries between worlds begin to dissolve, Lyra and her daemon help Will Parry in his search for his father and for a powerful, magical knife. | ||
| 521 |
_a890
_bLexile |
||
| 521 |
_aQ
_bRaz-Plus |
||
| 650 | 0 |
_aMissing persons _vJuvenile fiction. |
|
| 650 | 0 |
_aKidnapping _vJuvenile fiction. |
|
| 650 | 1 | _aFantasy. | |
| 650 | 7 |
_aFantasy fiction, English. _2fast _0(OCoLC)fst00920756 |
|
| 650 | 7 |
_aKidnapping. _2fast _0(OCoLC)fst00987322 |
|
| 650 | 7 |
_aMissing persons. _2fast _0(OCoLC)fst01023702 |
|
| 655 | 7 |
_aFantasy fiction. _2lcgft |
|
| 655 | 7 |
_aNovels. _2lcgft |
|
| 655 | 7 |
_aFiction. _2fast _0(OCoLC)fst01423787 |
|
| 655 | 7 |
_aJuvenile works. _2fast _0(OCoLC)fst01411637 |
|
| 906 |
_a7 _bcbc _ccopycat _d2 _encip _f20 _gy-gencatlg |
||
| 942 |
_2ddc _cBK _n0 |
||
| 999 |
_c513 _d513 |
||